000 00518nam a22001697a 4500
005 20251108164108.0
008 250721s1997 xx 000 0 ara d
082 1 4 _a947/زوغ
100 1 _aزوغانوف، غيناوي
245 1 0 _aروسيا وطني :
_bالإيديولوجيا الوطنية للدولة /
264 1 _aبيروت :
_bدار الفارابي،
_c1997.
300 _a349ص
650 1 7 _aتاريخ روسيا
650 1 7 _aالتاريخ السياسي
942 _2ddc
_cBK
999 _c3508
_d3508